000 00609nam a2200253Ia 4500
005 20260320200838.0
008 008 262003s9999 xx 000 0 eng d
020 _a9781608077045
037 _aEBOOK
040 _aCRL
040 _beng
040 _cCRL
041 _2eng
041 _aeng
084 _qCRL
100 _aDelorme
_91133574
245 0 _aAntennas and Site Engineering for Mobile Radio Networks
260 _bIEEE
260 _c2013
856 _uhttps://ieeexplore.ieee.org/servlet/opac?bknumber=9100992
942 _cEBOOK
999 _c1717260
_d1717260